Statistics for Non vegan ingredients in products

Click here to take the quiz!

General Stats

  • This quiz has been taken 61 times
    (55 since last reset)
  • The average score is 10 of 16

Answer Stats

% Correct
naan breadmilk
95%
gummy bearsgelatine
91%
fresh pastaegg
86%
omega 3 supplementsfish
84%
marshmallowsgelatine
84%
jellygelatine
82%
Bourneville chocolatemilk
77%
Worcestershire sauceanchovies
70%
ranch dressingmayonnaise
70%
salt + vinegar Pringlesmilk
68%
pestoparmesan
66%
red food dye (carmine)bugs
52%
Thai sweet chilli sensationsmilk
52%
martinigelatine
25%
condomscasein
5%
Gillette razorsglycerine
5%

Score Distribution

Percentile by Number Answered

Percent of People with Each Score

Your Score History

You have not taken this quiz since the last reset